Diseño de Superestructura para puentes de Madera de Claros medios en zonas rurales
El presente trabajo abarca el análisis y diseño de superestructura de madera para puentes además contiene requisitos y recomendaciones para su construcción, así como el análisis de su comportamiento estructural bajo la acción de ciertas cargas.
| Main Author: | |
|---|---|
| Other Authors: | |
| Format: | Tesis Section = Libro |
| Language: | Undetermined Spanish |
| Published: |
Managua
UNI
2002
|
| Subjects: |
| LEADER | 00959nam a2200229Ia 4500 | ||
|---|---|---|---|
| 008 | 240830s9999 xx 000 0 und d | ||
| 040 | |a BIBLIOTECA-RUPAP MON 624.25 N962 | ||
| 041 | |a spa | ||
| 082 | |a MON 624.25 N962 | ||
| 100 | 1 | |a Núñez, Miguel Ángel | |
| 245 | 1 | 0 | |a Diseño de Superestructura para puentes de Madera de Claros medios en zonas rurales |
| 260 | |a Managua |b UNI |c 2002 | ||
| 300 | |a 227 p. :il. | ||
| 500 | |a Contiene: apéndices. | ||
| 502 | |a Tesis (Ingeniero Civil)- UNI, 2002. | ||
| 520 | 3 | |a El presente trabajo abarca el análisis y diseño de superestructura de madera para puentes además contiene requisitos y recomendaciones para su construcción, así como el análisis de su comportamiento estructural bajo la acción de ciertas cargas. | |
| 650 | 7 | |a PUENTES-ANALISIS ESTRUCTURAL Y DISEÑO | |
| 650 | 7 | |b PUENTES DE MADERA | |
| 700 | 1 | |a Tutor: |b Pomares Calero, Humberto | |
| 942 | |c BK |2 ddc | ||
| 991 | |a TESIS | ||
| 999 | |c 15945 | ||